000 01250nam a22003377a 4500
001 BR7907310
003 BR-BrBNA
005 20230928090240.0
007 ta
008 230509b bl.||||| |||| 00| 0 por d
040 _aBR-BrBNA
_bpor
_cBiblioteca Nacional de Agricultura
041 _a(Eng)
072 _aK20; K70
_b3140
_b/G514
_b/GZ72
090 _ 3140 BR7907310
100 1 _aChen, S.C.
100 1 _aShimabukuro, Y.E.
100 1 _aHernandez Filho, P.
110 1 _aInstituto de Pesquisas Espaciais, Sao Jose dos Campos, SP (Brasil)
111 1 _aUn Regional Seminar on the use of Satellite Tecnology
_cSao Jose dos Campos, SP (Brazil)
_d2 Oct 1978
245 1 _aThe mapping of burned area in forest by image 100 system [Pinus elliotti, pinheiro, incendio florestal, Brasil]
_bINPE-1431-RPE/009
260 3 _aSao Jose dos Campos, SP (Brasil):
_c1979.
300 _a9 p.
500 _aSummary (Eng). (*) Documento disponível na(o) Instituto de Pesquisas Espaciais, Sao Jose dos Campos, SP (Brazil)
650 _aADMINISTRACAO FLORESTAL
650 _aINCENDIO FLORESTAL
650 _aRECONHECIMENTO FLORESTAL
650 _aSENSORIAMENTO REMOTO
650 _aPINHEIRO
909 _a202309
_bLucia
_c55
_dLucia Elande
942 _cBK
999 _c28184
_d28184